[Event "Paracin op 3rd"]
[Site "Paracin"]
[Date "2010.07.10"]
[Round "2"]
[White "Zivkovic, Sava"]
[Black "Savic, Miodrag"]
[Result "0-1"]
[WhiteElo "2289"]
[BlackElo "2477"]
[PlyCount "82"]
[EventDate "2010.07.09"]
[EventType "swiss"]
[EventRounds "9"]
[EventCountry "YUG"]
[SourceTitle "CBM 137 Extra"]
[Source "ChessBase"]
[SourceDate "2010.09.01"]
[SourceVersion "1"]
[SourceVersionDate "2010.09.01"]
[SourceQuality "1"]

1. e4 d5 2. exd5 Qxd5 3. Nc3 Qa5 4. d4 Nf6 5. Nf3 c6 6. Bc4 Bf5 7. Bd2 e6 8. Qe2 Bb4 9. 0-0-0 Nbd7 10. Kb1 0-0-0 11. a3 Bxc3 12. Bxc3 Qc7 13. Nh4 Be4 14. Nf3 Bg6 15. g3 Rhe8 16. Bd2 Bh5 17. Bf4 Qb6 18. Rhe1 Qa5 19. h3 Qf5 20. Rd3 Nb6 21. Qe5 Qxe5 22. Nxe5 Nfd5 23. Bxd5 Nxd5 24. Bc1 f6 25. Nc4 Bg6 26. Rdd1 h5 27. Ne3 Nc7 28. a4 Rd7 29. b3 Red8 30. Bb2 Be4 31. Nc4 Bg2 32. h4 e5 33. c3 c5 34. Ne3 Bf3 35. Rd2 Ne6 36. Nc2 Bg4 37. Kc1 cxd4 38. cxd4 exd4 39. Kb1 d3 40. Ne3 Be2 41. Ba3 Nd4 0-1

[Event "Nis op"]
[Site "Nis"]
[Date "1997.??.??"]
[Round "4"]
[White "Kostic, Nebojsa"]
[Black "Savic, Miodrag"]
[Result "1-0"]
[WhiteElo "2335"]
[BlackElo "2215"]
[PlyCount "53"]
[EventDate "1997.??.??"]
[EventType "swiss"]
[EventRounds "11"]
[EventCountry "YUG"]
[SourceTitle "EXT 2002"]
[Source "ChessBase"]
[SourceDate "2001.11.25"]
[SourceVersion "1"]
[SourceVersionDate "2001.11.25"]
[SourceQuality "1"]

1. c4 e6 2. Nc3 d5 3. cxd5 exd5 4. d4 Be7 5. Qc2 c6 6. Bf4 Nf6 7. e3 0-0 8. Bd3 Nbd7 9. Nge2 Re8 10. h3 Nf8 11. g4 b5 12. 0-0-0 a5 13. Kb1 a4 14. Ng3 Qa5 15. Nce2 Qb6 16. Rc1 Bb7 17. Nf5 b4 18. Qd1 Ba6 19. Neg3 Ne6 20. Be5 Nd7 21. Nxe7+ Rxe7 22. Nf5 Ree8 23. Bd6 Nd8 24. Bxa6 Rxa6 25. g5 Qb5 26. Rg1 Nb6 27. Rc5 1-0

[Event "YUG-chT"]
[Site "Niksic"]
[Date "1997.??.??"]
[Round "4"]
[White "Savic, Miodrag"]
[Black "Ostojic, Nikola"]
[Result "1/2-1/2"]
[WhiteElo "2215"]
[BlackElo "2435"]
[PlyCount "65"]
[EventDate "1997.08.27"]
[EventType "team"]
[EventRounds "11"]
[EventCountry "YUG"]
[SourceTitle "CBM 059 Extra"]
[Source "ChessBase"]
[SourceDate "1997.09.26"]
[SourceVersion "1"]
[SourceVersionDate "1997.09.26"]
[SourceQuality "1"]

1. d4 Nf6 2. c4 e6 3. Nf3 b6 4. Nc3 Bb7 5. a3 d5 6. Bg5 Be7 7. Bxf6 Bxf6 8. cxd5 exd5 9. g3 0-0 10. Bg2 c5 11. 0-0 Nc6 12. dxc5 Bxc3 13. bxc3 bxc5 14. Qc2 Qf6 15. Rfd1 Rad8 16. Qb3 Ba6 17. Qc2 Rfe8 18. Bf1 Re6 19. Rab1 Bc4 20. Kg2 g6 21. e3 Na5 22. Nd2 Bxf1+ 23. Rxf1 Nc6 24. Nf3 Re4 25. Rfc1 Re6 26. Rb7 Re7 27. Rb5 a6 28. Rb6 Re6 29. Rbb1 Na5 30. Nd2 d4 31. cxd4 cxd4 32. exd4 Qxd4 33. Nf3 1/2-1/2

[Event "Nis op"]
[Site "Nis"]
[Date "1997.??.??"]
[Round "1"]
[White "Savic, Miodrag"]
[Black "Petronic, Jovan"]
[Result "1/2-1/2"]
[WhiteElo "2215"]
[BlackElo "2455"]
[PlyCount "59"]
[EventDate "1997.??.??"]
[EventType "swiss"]
[EventRounds "11"]
[EventCountry "YUG"]
[SourceTitle "EXT 2002"]
[Source "ChessBase"]
[SourceDate "2001.11.25"]
[SourceVersion "1"]
[SourceVersionDate "2001.11.25"]
[SourceQuality "1"]

1. d4 Nf6 2. c4 a6 3. Nc3 c5 4. dxc5 e6 5. Bf4 Bxc5 6. e3 Nc6 7. Nf3 d5 8. Be2 0-0 9. 0-0 h6 10. Rc1 d4 11. exd4 Nxd4 12. Nxd4 Bxd4 13. Bf3 e5 14. Bg3 Qa5 15. Qc2 Be6 16. b3 Rab8 17. Ne2 Bc5 18. Qc3 Qxc3 19. Nxc3 Nd7 20. Rfe1 f6 21. Bd5 Bxd5 22. Nxd5 Rfd8 23. Red1 Nb6 24. Nxb6 Bxb6 25. Kf1 Bc5 26. Ke2 Kf7 27. f3 Ke6 28. Bf2 Bxf2 29. Kxf2 Rbc8 30. Ke2 1/2-1/2

[Event "YUG-ch op"]
[Site "Nis"]
[Date "1996.??.??"]
[Round "3"]
[White "Drasko, Milan"]
[Black "Savic, Miodrag"]
[Result "1-0"]
[WhiteElo "2505"]
[BlackElo "2245"]
[PlyCount "93"]
[EventDate "1996.??.??"]
[EventType "swiss"]
[EventRounds "10"]
[EventCountry "YUG"]
[SourceTitle "EXT 1999"]
[Source "ChessBase"]
[SourceDate "1998.11.16"]
[SourceVersion "1"]
[SourceVersionDate "1998.11.16"]
[SourceQuality "1"]

1. d4 Nf6 2. c4 e6 3. Nc3 Bb4 4. Qc2 0-0 5. a3 Bxc3+ 6. Qxc3 Ne4 7. Qc2 d5 8. Nf3 b6 9. g3 Bb7 10. Bg2 Nd7 11. 0-0 h6 12. cxd5 exd5 13. Bf4 Rc8 14. Rac1 c5 15. dxc5 Ndxc5 16. Be3 Ne6 17. Qa4 Rxc1 18. Rxc1 Qb8 19. Nd4 N4c5 20. Qd1 Qe5 21. b4 Ne4 22. Nxe6 fxe6 23. Qd4 Qxd4 24. Bxd4 Nd6 25. Bh3 Nf5 26. Be5 Rc8 27. Rxc8+ Bxc8 28. e3 b5 29. Kf1 Kf7 30. Ke2 Ne7 31. Kd3 Nc6 32. Bc3 Bb7 33. f4 g6 34. g4 Bc8 35. Bg2 Ke7 36. e4 Kd6 37. Bg7 a5 38. Bxh6 axb4 39. Bf8+ Kd7 40. Bxb4 e5 41. exd5 Nxb4+ 42. axb4 exf4 43. Ke4 Kd6 44. Kxf4 Bb7 45. Kg5 Bxd5 46. Bxd5 Kxd5 47. h4 1-0

[Event "YUG-ch op"]
[Site "Nis"]
[Date "1996.??.??"]
[Round "2"]
[White "Savic, Miodrag"]
[Black "Abramovic, Bosko"]
[Result "1/2-1/2"]
[WhiteElo "2245"]
[BlackElo "2490"]
[PlyCount "36"]
[EventDate "1996.??.??"]
[EventType "swiss"]
[EventRounds "10"]
[EventCountry "YUG"]
[SourceTitle "EXT 1999"]
[Source "ChessBase"]
[SourceDate "1998.11.16"]
[SourceVersion "1"]
[SourceVersionDate "1998.11.16"]
[SourceQuality "1"]

1. e4 c5 2. Nf3 e6 3. c3 d5 4. exd5 exd5 5. d4 Nc6 6. Bb5 Bd6 7. 0-0 Nge7 8. Re1 cxd4 9. Nxd4 0-0 10. Bg5 Qb6 11. Bd3 Nxd4 12. cxd4 Qxb2 13. Nd2 Ng6 14. Nb3 Bd7 15. Qf3 Bc6 16. Bc1 Qc3 17. Bd2 Qb2 18. Bc1 Qc3 1/2-1/2

[Event "YUG-chT"]
[Site "Tivat"]
[Date "1995.??.??"]
[Round "6"]
[White "Lekic, Dusan"]
[Black "Savic, Miodrag"]
[Result "0-1"]
[WhiteElo "2430"]
[BlackElo "2200"]
[PlyCount "58"]
[EventDate "1995.??.??"]
[EventType "team-swiss"]
[EventRounds "11"]
[EventCountry "YUG"]
[SourceTitle "CBM 048 Extra"]
[Source "ChessBase"]
[SourceDate "1995.11.01"]
[SourceVersion "1"]
[SourceVersionDate "1995.11.01"]
[SourceQuality "1"]

1. e4 c5 2. Nf3 Nc6 3. d4 cxd4 4. Nxd4 e5 5. Nb5 a6 6. Nd6+ Bxd6 7. Qxd6 Qf6 8. Qd1 Qg6 9. Nc3 Nge7 10. h4 h5 11. Rh3 d5 12. Rg3 Qh7 13. Bd3 Nb4 14. exd5 Bf5 15. a3 Nxd3+ 16. cxd3 Rd8 17. Qa4+ Rd7 18. d4 Bc2 19. Qc4 exd4 20. Ne2 b5 21. Qc5 Rxd5 22. Qa7 d3 23. Re3 0-0 24. Qxe7 dxe2 25. Bd2 Qf5 26. Rxe2 Rfd8 27. f3 Bd3 28. Re3 Qg6 29. Kf2 Bc4 0-1